000 00368nam a22001217a 4500
008 230605b xxu||||| |||| 00| 0 eng d
082 _a328.42
_bHAN
110 _bOxford university press
245 _aParliamentary Affairs
_bA journal of representative politics
_cvolume 69- Number 1- january 2016
260 _boxford university press
300 _a210p
942 _2ddc
_cBK
999 _c343
_d343